Around the World in 80 Ways (Record no. 49023)
| 000 -LEADER | |
|---|---|
| fixed length control field | 00372nam a22001217a 4500 |
| 008 - FIXED-LENGTH DATA ELEMENTS--GENERAL INFORMATION | |
| fixed length control field | 250722b |||||||| |||| 00| 0 eng d |
| 020 ## - INTERNATIONAL STANDARD BOOK NUMBER | |
| International Standard Book Number | 9781465475725 |
| 100 ## - MAIN ENTRY--PERSONAL NAME | |
| Personal name | DK (Author), Katy Halford (Illustrator) |
| 9 (RLIN) | 86394 |
| 245 ## - TITLE STATEMENT | |
| Title | Around the World in 80 Ways |
| 260 ## - PUBLICATION, DISTRIBUTION, ETC. (IMPRINT) | |
| Place of publication, distribution, etc | New York |
| Name of publisher, distributor, etc | DK Children |
| Date of publication, distribution, etc | 2018 |
| 300 ## - PHYSICAL DESCRIPTION | |
| Extent | 48 pages |
| Other physical details | col. ill. |
| Dimensions | 9.75 x 0.41 x 9.75 inches |
| 942 ## - ADDED ENTRY ELEMENTS (KOHA) | |
| Source of classification or shelving scheme | |
| Withdrawn status | Lost status | Source of classification or shelving scheme | Damaged status | Not for loan | Collection code | Home library | Current library | Date acquired | Total Checkouts | Full call number | Barcode | Date last seen | Price effective from | Koha item type |
|---|---|---|---|---|---|---|---|---|---|---|---|---|---|---|
| Non-Fiction | Asian Hope Siem Reap | Asian Hope Siem Reap | 07/22/2025 | NFIC KAT | 209015 | 07/22/2025 | 07/22/2025 | Book |